00738nam a2200181 i 4500001000700000003000900007005001700016008004100033040003000074100002100104245010700125260006200232300003100294490005100325650001700376830005100393852011200444157780ES-MaACL20250806070430.0020924s1879 sp |||| | spa d aCCPB | B bspa cCCPB | B1 aLionet, Camille.10aDe las variedades de la parálisis general en sus relaciones con la patogenia / cpor Camille Lionet. aMadrid : b[s.n.], c1879 (fImprenta de Enrique Teodoro) aVII, 56, [4] p. ; c23 cm.1 aBiblioteca Económica de Medicina y Cirujía 4aParálisis.0 aBiblioteca económica de medicina y cirujía aES-MaACLjB-12700(4) z-- Enc. pasta española q-- Falto de la cub. originalz-- Enc. en un vol. facticio